LEADER 01048nam a2200265 u 4500 001 000000064934 003 CaOOAMICUS 005 20070226121418.0 008 011127s1976 mau u000 u eng u 020 $a0870231987 035 $a10911624 040 $aPUL(R)$bita 100 1 $aAckermann, Robert John.$0(OLS)http://pul/name/43816 245 14$aThe philosophy of Karl Popper /$cRobert John Ackermann. 260 $a[S.l.] :$bUniversity of Massachusetts,$c1976. 300 $a212 p. : ;$c22 cm 500 $aInclude indici. 600 14$aPopper, Karl Raimund,$cSir,$d1902-1994$xFilosofia.$0(OLS)http://pul/subject/23221 850 $aPUL 852 $aPUL$W1$xSL Filosofia 1$y2$m88 M 1$j84107$nBK-PRI$b $qStampati$B84107$CPULBib$Z2$F84107 $H $81 941 1 $a8 961 $aINV: 44931 996 $6020$a0870231987$9(OLS)http://pul/number/84239 996 $6245$aThe philosophy of Karl Popper$9(OLS)http://pul/title/86451 996 $6260$a[S.l.] :$bUniversity of Massachusetts$9(OLS)http://pul/publisher/71029 LEADER 01147nam a2200301 u 4500 001 000000042346 003 CaOOAMICUS 005 20070226114321.0 008 990225s1987 it u000 u ita u 035 $a10815484 040 $aPUL(R)$bita 041 1 $aita$hfre 100 1 $aCongar, Yves,$ccardinale,$d1904-1995.$0(OLS)http://pul/name/368 240 10$aEntrettens d'automne.$lItaliano.$0(OLS)http://pul/title/57134 245 10$aConversazioni d'autunno /$cYves-Marie Congar ; a cura di Bernard Lauret. 260 $aBrescia :$bQueriniana,$c1987. 300 $a117 p. ;$c20 cm 490 1 $aGiornale di teologia ;$v176 650 4$aEcumenismo.$0(OLS)http://pul/subject/995 700 1 $aLauret, Bernard.$0(OLS)http://pul/name/1398 830 0$aGiornale di teologia ;$v176.$0(OLS)http://pul/title/9027 850 $aPUL 852 $aPUL$W1$xSL Religione 3$y85$m200 GDT 1.176$j57253$nBK-PRI$qDDC 21$B57253$CPULBib$Z2$F57253 $82 941 1 $a9 961 $aINV: 60357 983 0$aGdT. 996 $6245$aConversazioni d'autunno$9(OLS)http://pul/title/57135 996 $6260$aBrescia :$bQueriniana$9(OLS)http://pul/publisher/47906